000 00787nam a2200253 i 4500
001 15651
003 ES-MaACL
005 20250730061546.0
007 t|
008 000504s1993 sp ||||1| spa d
020 _a84-7100-620-0
040 _aZA-BP
080 _a9(=98:81)
100 1 _aBarros Laraia, Roque.
_926058
245 1 4 _aLos indios de Brasil /
_cRoque Barros Laraia ; traducción, Mario Merlino.
260 _aMadrid :
_bMAPFRE,
_cD.L. 1993.
300 _a260 p., [1] h. ;
_c23 cm.
490 1 _aColección Indios de América ;
_v13
650 1 4 _aIndios de Brasil-
_xHistoria.
_913685
700 1 _aMerlino, Mario,
_d1948-2009
_980578
830 0 _aColección Indios de América ;
_v13
_9179123
852 _aES-MaACL
_jL-23011
_bR.124190
999 _c15651
_d15651